000 00755nam a2200229Ia 4500
003 OSt
005 20220918192239.0
006 a|||||r|||| 00| 0
007 ta
008 220917b |||||||| |||| 00| 0 eng d
024 _a67,613
037 _cTextual
040 _aARTS
_cARTS
_beng
041 _2eng
_aeng
082 _aR3xM381:1, K6
100 _aBrentano Franz
_977371
245 0 _aTrue and the evident ed by Oskar Kraus tr from the German title Wahreit und evidenz by Roderick M Chisholm etc and tr ed by Roderick M Chisholm
260 _c1966
490 _aInternational library of philosophy and scientific method ed by Ted Honderich etc
942 _hR3xM381:1, K6
_cTEXL
_2CC
999 _c193846
_d193846